South Eastern Kenya University

Library Online Public Access Catalogue


A change in altitude : (Record no. 11860)

MARC details
000 -LEADER
fixed length control field 00637cam a2200241 a 4500
001 - CONTROL NUMBER
control field 15774257
003 - CONTROL NUMBER IDENTIFIER
control field OSt
005 - DATE AND TIME OF LATEST TRANSACTION
control field 20160305094250.0
008 - FIXED-LENGTH DATA ELEMENTS--GENERAL INFORMATION
fixed length control field 090612s2009 nyu 000 1 eng
010 ## - LIBRARY OF CONGRESS CONTROL NUMBER
LC control number 2009024011
020 ## - INTERNATIONAL STANDARD BOOK NUMBER
International Standard Book Number 9780316020701
040 ## - CATALOGING SOURCE
Original cataloging agency SEKU
050 00 - LIBRARY OF CONGRESS CALL NUMBER
Classification number PS 3569
Item number .S3
100 1# - MAIN ENTRY--PERSONAL NAME
Personal name Shreve, Anita.
245 12 - TITLE STATEMENT
Title A change in altitude :
Remainder of title a novel /
Statement of responsibility, etc. Anita Shreve.
250 ## - EDITION STATEMENT
Edition statement 1st ed.
260 ## - PUBLICATION, DISTRIBUTION, ETC. (IMPRINT)
Place of publication, distribution, etc. New York :
Name of publisher, distributor, etc. Little, Brown and Co.,
Date of publication, distribution, etc. 2009.
300 ## - PHYSICAL DESCRIPTION
Extent 307 p. ;
650 ## - SUBJECT ADDED ENTRY--TOPICAL TERM
Topical term or geographic name as entry element Newlyweds --
Form subdivision Fiction.
650 ## - SUBJECT ADDED ENTRY--TOPICAL TERM
Topical term or geographic name as entry element Accidents --
Form subdivision Fiction.
650 ## - SUBJECT ADDED ENTRY--TOPICAL TERM
Topical term or geographic name as entry element Married people -- .
Form subdivision Fiction
942 ## - ADDED ENTRY ELEMENTS (KOHA)
Source of classification or shelving scheme Library of Congress Classification
Koha item type General circulation
Holdings
Withdrawn status Lost status Source of classification or shelving scheme Damaged status Not for loan Home library Current library Shelving location Date acquired Source of acquisition Total Checkouts Full call number Barcode Date last seen Koha item type Public note
    Library of Congress Classification     Mtito Andei Centre Library Mtito Andei Centre Library General Stacks 05/03/2016 Donations Books for Africa   PS 3569 .S3 2016/014590 05/03/2016 General circulation 3kwa
Kitui, Kenya.
+254736116989
library@seku.ac.ke